Redesigning Humans: Our Inevitable Genetic Future (Record no. 14269)

MARC details
000 -LEADER
fixed length control field 00387nam a2200145Ia 4500
008 - FIXED-LENGTH DATA ELEMENTS--GENERAL INFORMATION
fixed length control field 230312s9999||||xx |||||||||||||| ||und||
020 ## - INTERNATIONAL STANDARD BOOK NUMBER
International Standard Book Number 0-61806026-X
082 ## - DEWEY DECIMAL CLASSIFICATION NUMBER
Classification number 176
Item number STO-R
100 ## - MAIN ENTRY--PERSONAL NAME
Personal name Stock;Gregory
245 #0 - TITLE STATEMENT
Title Redesigning Humans: Our Inevitable Genetic Future
260 ## - PUBLICATION, DISTRIBUTION, ETC.
Name of publisher, distributor, etc. Houghton Mifflin Company
Place of publication, distribution, etc. USA
Date of publication, distribution, etc. 2002
300 ## - PHYSICAL DESCRIPTION
Extent 277
650 ## - SUBJECT ADDED ENTRY--TOPICAL TERM
Topical term or geographic name entry element Medical
Form subdivision Bioscience
942 ## - ADDED ENTRY ELEMENTS (KOHA)
Koha item type BOOK

No items available.

Powered by Koha